000 00336nam a2200121Ia 4500
008 220120s9999||||xx |||||||||||||| ||und||
082 _a621.38132 MAI
100 _aMaini, Anil K & Agarwal, Varsha
245 0 _aElectronic devices and circuits
260 _aWiley india
_bNew Delhi
_c2014
300 _aVII,200p
_b0
650 _aHUMANITIES
999 _c133061
_d133061